La edad media
Salvato in:
| Autori principali: | , |
|---|---|
| Natura: | Libro |
| Lingua: | spagnolo |
| Pubblicazione: |
París
Hachette
1922
|
| Soggetti: | |
| Tags: |
Aggiungi Tag
Nessun Tag, puoi essere il primo ad aggiungerne!!
|
MARC
| LEADER | 00000nam a2200000 a 4500 | ||
|---|---|---|---|
| 001 | UCO1797 | ||
| 003 | CL-VaPUC | ||
| 008 | 000519e19220000FR |||||||||||||||||spa|d | ||
| 082 | 0 | 4 | |a 940.1 |b MAL |2 21 |
| 100 | |a Malet, Albert |e autor |9 570727 | ||
| 700 | 0 | |a Isaac, J |e author |9 444303 | |
| 245 | 1 | 3 | |a La edad media |
| 300 | |a 206 p | ||
| 942 | |c BK | ||
| 945 | |d 20000519 00:00:00 |a rbrito | ||
| 260 | |a París |b Hachette |c 1922 | ||
| 650 | 0 | |a Edad media |9 258041 | |
| 650 | 7 | |a SIGLOS 5-13 |2 CL-VaPUC |9 444304 | |
| 650 | 7 | |a LAS CRUZADAS |2 CL-VaPUC |9 336825 | |
| 650 | 0 | |a Historia |9 255047 | |
| 651 | 0 | |a Europa |9 255156 | |
| 583 | |a last modification |c 20000519 00:00:00 |k Rodrigo Vera | ||
| 999 | |c 288392 |d 288390 | ||
| 952 | |0 0 |1 0 |4 0 |6 940_100000000000000_MAL_1922 |7 0 |8 A |9 336058 |a BIBARQ |b BIBARQ |d 2019-11-20 |i 362093K |o 940.1 MAL 1922 |p 362093K |r 2025-01-20 |w 2019-11-20 |y BK |k ARQ | ||